[Event "Titled Tue 27th May Early"]
[Site "chess.com INT"]
[Date "2025.05.27"]
[Round "2"]
[White "Barrientos, Ernesto"]
[Black "Butti, Enrique"]
[Result "0-1"]
[WhiteTitle "CM"]
[BlackTitle "CM"]
[WhiteElo "2027"]
[BlackElo "1998"]
[WhiteFideId "3701247"]
[BlackFideId "3700470"]
[EventDate "2025.05.27"]

1. e4 c5 2. Nf3 e6 3. d4 cxd4 4. Nxd4 Nf6 5. Nc3 d6 6. g4 h6 7. Rg1 Nc6 8. Nb3
d5 9. Qe2 Bb4 10. exd5 Nxd5 11. Bd2 Bxc3 12. bxc3 Qf6 13. Rg3 g5 14. Bg2 Nf4 15.
Bxf4 gxf4 16. Rd3 Ne5 17. O-O-O Nxd3+ 18. Qxd3 O-O 19. h4 Qxh4 20. Bf3 Qg5 21.
Rh1 Rd8 22. Qe2 Bd7 23. Rh5 Qg7 24. Nd4 Rac8 25. Kb2 Bc6 26. Bxc6 bxc6 27. Qe4
Rd5 28. Qxf4 e5 29. Qf5 Rb8+ 30. Nb3 a5 31. a4 c5 32. Qe4 Rdd8 33. Qc4 Rdc8 34.
f3 Qf6 35. Rf5 Qe6 36. Qd3 c4 37. Qe4 cxb3 38. Rxe5 bxc2+ 39. Kxc2 Qa2+ 40. Kd3
Rd8+ 41. Ke3 Qd2# 0-1

[Event "Titled Tue 27th May Early"]
[Site "chess.com INT"]
[Date "2025.05.27"]
[Round "2"]
[White "Bogaudinov, Rushan"]
[Black "Madi, Aidana"]
[Result "1-0"]
[WhiteTitle "FM"]
[BlackTitle "WFM"]
[WhiteElo "1912"]
[BlackElo "1855"]
[WhiteFideId "4129288"]
[BlackFideId "13722689"]
[EventDate "2025.05.27"]

1. g3 Nf6 2. Bg2 d5 3. Nf3 c5 4. O-O e6 5. b3 Be7 6. Bb2 O-O 7. d3 Nc6 8. Nbd2
Qc7 9. c4 b6 10. cxd5 exd5 11. d4 h6 12. Rc1 Be6 13. Ne5 Nxe5 14. dxe5 Nd7 15.
f4 f5 16. exf6 Bxf6 17. Qc2 Rad8 18. e4 dxe4 19. Nxe4 Bxb2 20. Qxb2 Nf6 21.
Nxf6+ Rxf6 22. Rfe1 Bf7 23. Qc3 Rfd6 24. Qe5 Qd7 25. f5 Rd2 26. Re2 Qd4+ 27.
Qxd4 R8xd4 28. Rce1 a6 29. Kf2 b5 30. Bb7 Rd6 31. Rxd2 Rxd2+ 32. Re2 Rd6 33. Ke3
c4 34. bxc4 Bxc4 35. Rf2 a5 36. Kf4 b4 37. Ke5 Rd7 38. Bc6 Rd3 39. Be4 Rd1 40.
f6 gxf6+ 41. Kxf6 Rd6+ 42. Ke5 Rd1 43. h4 a4 44. Rf6 h5 45. Rc6 Be2 46. Kf6 Rf1+
47. Kg6 b3 48. Rc8+ Rf8 49. Bd5+ Kh8 50. Rxf8# 1-0

[Event "Titled Tue 27th May Early"]
[Site "chess.com INT"]
[Date "2025.05.27"]
[Round "2"]
[White "Terlouw, Wouter"]
[Black "Antoniou, Rafail"]
[Result "0-1"]
[WhiteTitle "CM"]
[BlackTitle "CM"]
[WhiteElo "2227"]
[BlackElo "2134"]
[WhiteFideId "1087401"]
[BlackFideId "5904390"]
[EventDate "2025.05.27"]

1. d4 Nf6 2. Nf3 g6 3. Bf4 Bg7 4. h3 O-O 5. e3 d6 6. Be2 Nc6 7. Bh2 Re8 8. O-O
a6 9. c3 b5 10. a4 b4 11. Qe1 a5 12. Bb5 Bd7 13. Bxc6 Bxc6 14. cxb4 axb4 15.
Qxb4 Qd7 16. Nbd2 Reb8 17. Qc3 Rxa4 18. Rxa4 Bxa4 19. Rc1 c6 20. b3 Bb5 21. e4
h6 22. Bf4 Ra8 23. Qc2 Kh7 24. Nc4 Bxc4 25. bxc4 Qa7 26. e5 dxe5 27. Bxe5 Qa2
28. Qxa2 Rxa2 29. Rb1 Rc2 30. c5 Nd5 31. Rb6 Nxb6 32. cxb6 Bxe5 33. Nxe5 Rb2 34.
Nxc6 e6 35. Ne5 Kg7 36. Nd7 f6 37. g4 Kf7 38. Kg2 Ke7 39. Nc5 Rxb6 40. Nd3 Rd6
41. Nf4 g5 42. Ne2 Ra6 43. Nc3 Ra3 44. Ne2 Rd3 45. h4 Kd6 46. h5 Kd5 47. f4 Rxd4
48. fxg5 fxg5 49. Kf3 Rd3+ 50. Kf2 Rd2 51. Ke3 Rxe2+ 52. Kxe2 Ke4 53. Kf2 Kf4 0-1

[Event "Titled Tue 27th May Early"]
[Site "chess.com INT"]
[Date "2025.05.27"]
[Round "2"]
[White "Masague Artero, Guerau"]
[Black "Dominguez, Ramiro"]
[Result "1-0"]
[WhiteTitle "FM"]
[BlackTitle "FM"]
[WhiteElo "2326"]
[BlackElo "2185"]
[WhiteFideId "32098952"]
[BlackFideId "4420055"]
[EventDate "2025.05.27"]

1. e4 e5 2. Nc3 Bc5 3. Nf3 d6 4. Na4 Bb6 5. Nxb6 axb6 6. d4 exd4 7. Nxd4 Nf6 8.
Bd3 Nc6 9. Nxc6 bxc6 10. O-O O-O 11. Bg5 Re8 12. h3 Ra5 13. Qd2 h6 14. Bh4 g5
15. Bg3 Nxe4 16. Bxe4 Rxe4 17. Rfe1 Rd5 18. Qc3 Bf5 19. Rxe4 Bxe4 20. Re1 Rc5
21. Qd4 Bxc2 22. b4 Rd5 23. Qc3 Ba4 24. h4 gxh4 25. Bf4 h5 26. Kh2 Bb5 27. Re3
Qd7 28. Bh6 Re5 29. f4 Qe6 30. fxe5 Qxh6 31. exd6 Qxd6+ 32. Kg1 Qd1+ 33. Kh2 Qd5
34. Qe5 Qxe5+ 35. Rxe5 Kg7 36. Rxh5 Kg6 37. Rxh4 c5 38. bxc5 bxc5 39. Kg3 Bd3
40. Kf4 c4 41. Ke3 f5 42. Rd4 Kg5 43. a4 f4+ 44. Rxf4 c3 45. Kxd3 Kxf4 46. a5 1-0

[Event "Titled Tue 27th May Early"]
[Site "chess.com INT"]
[Date "2025.05.27"]
[Round "2"]
[White "Redor, Menandro"]
[Black "Ruperez, Miguel"]
[Result "0-1"]
[BlackTitle "CM"]
[WhiteElo "2021"]
[BlackElo "2149"]
[WhiteFideId "5222010"]
[BlackFideId "115177"]
[EventDate "2025.05.27"]

1. d4 d5 2. c3 Nf6 3. Bf4 e6 4. e3 Bd6 5. Bg3 O-O 6. Nd2 b6 7. Ngf3 Bb7 8. Bd3
Nbd7 9. Qc2 Qe7 10. Bh4 e5 11. Bxh7+ Kh8 12. dxe5 Nxe5 13. Nxe5 Bxe5 14. Bd3 c5
15. Qd1 Kg8 16. Nf3 Bc7 17. Qe2 Rfe8 18. O-O-O Bc6 19. Bb5 Qd6 20. Bxc6 Qxc6 21.
Bxf6 gxf6 22. Qe1 d4 23. Qd2 Re4 24. Kb1 dxe3 25. fxe3 Rae8 26. Rhe1 R8e7 27.
Qd3 b5 28. Nd2 R4e6 29. e4 c4 30. Nf3 cxd3 31. Nd4 Qc4 32. Nf5 Rd7 33. Re3 b4
34. Rh1 bxc3 35. Rg3+ Kf8 36. Rh3 Kg8 37. Rg3+ Bxg3 38. hxg3 c2+ 0-1

[Event "Titled Tue 27th May Early"]
[Site "chess.com INT"]
[Date "2025.05.27"]
[Round "2"]
[White "Leung, Hoi Ting"]
[Black "Safin Safarullakhan"]
[Result "1-0"]
[WhiteTitle "WCM"]
[BlackTitle "CM"]
[WhiteElo "1618"]
[BlackElo "2109"]
[WhiteFideId "6003770"]
[BlackFideId "33379475"]
[EventDate "2025.05.27"]

1. d4 Nf6 2. c4 e6 3. e3 d5 4. Nf3 c5 5. Nc3 Nc6 6. dxc5 Bxc5 7. cxd5 exd5 8.
Be2 O-O 9. O-O Re8 10. Nd4 Nxd4 11. exd4 Bd6 12. Bg5 Bf5 13. Bf3 Be4 14. Bxf6
Qxf6 15. Nxd5 Qf5 16. Bxe4 Rxe4 17. Ne3 Qf6 18. d5 Rae8 19. g3 Bc5 20. Kg2 Bxe3
21. fxe3 Qxb2+ 22. Kh3 Rxe3 23. Rb1 Qxa2 24. Rxb7 Re2 25. Rbxf7 Rxh2+ 26. Kg4
Qc4+ 27. R1f4 h5+ 28. Kg5 Re5+ 29. R7f5 Re8 30. Rxc4 Rh3 31. Qf3 1-0

[Event "Titled Tue 27th May Early"]
[Site "chess.com INT"]
[Date "2025.05.27"]
[Round "2"]
[White "Van Dael, Siem"]
[Black "Protopopescu, Luca"]
[Result "0-1"]
[WhiteTitle "FM"]
[BlackTitle "CM"]
[WhiteElo "2258"]
[BlackElo "2216"]
[WhiteFideId "1049771"]
[BlackFideId "651088894"]
[EventDate "2025.05.27"]

1. Nc3 Nf6 2. e4 e5 3. f4 d6 4. Nf3 Nc6 5. Bb5 Bd7 6. O-O Be7 7. d3 O-O 8. Bxc6
Bxc6 9. fxe5 dxe5 10. Be3 Ng4 11. Qd2 b6 12. Kh1 Nxe3 13. Qxe3 Bc5 14. Qg5 f6
15. Qh5 Qe8 16. Qg4 Qg6 17. Qh3 Kh8 18. Nh4 Qh6 19. Qg3 Rae8 20. Rf3 Bd7 21.
Raf1 Qh5 22. Nd5 c6 23. Ne3 Bxe3 24. Rxe3 Be6 25. a3 Bf7 26. Nf5 Qg6 27. Qf2 Be6
28. Rg3 Bxf5 29. Rxg6 Bxg6 30. h4 h6 31. g4 Kh7 32. h5 Bf7 33. Qf5+ Kg8 34. Qd7
Be6 35. Qxa7 Bxg4 36. Rg1 Bf3+ 37. Kh2 Rf7 38. Qxb6 Re6 39. a4 Bxh5 40. a5 f5
41. a6 Ree7 42. Qxc6 f4 43. b4 f3 44. b5 f2 45. Rf1 Be2 46. b6 Bxf1 47. b7 Bh3
48. b8=Q+ Kh7 49. Qcc8 Bxc8 50. Qxc8 f1=Q 0-1

[Event "Titled Tue 27th May Early"]
[Site "chess.com INT"]
[Date "2025.05.27"]
[Round "2"]
[White "Nayak, Rajesh"]
[Black "Khandhadia, Nivaan Rathin"]
[Result "1-0"]
[WhiteTitle "FM"]
[BlackTitle "CM"]
[WhiteElo "2286"]
[BlackElo "2112"]
[WhiteFideId "35017152"]
[BlackFideId "25753274"]
[EventDate "2025.05.27"]

1. e4 c5 2. Nf3 d6 3. d4 cxd4 4. Nxd4 Nf6 5. Nc3 g6 6. Be3 Bg7 7. f3 O-O 8. Bc4
Nc6 9. Qd2 Nxd4 10. Bxd4 Be6 11. Bb3 Qa5 12. O-O-O b5 13. Kb1 Rfc8 14. g4 b4 15.
Nd5 Nxd5 16. Bxg7 Kxg7 17. exd5 Bd7 18. h4 Qb5 19. h5 a5 20. hxg6 fxg6 21. Qh6+
Kf7 22. Qxh7+ Kf6 23. Qh4+ Kf7 24. Qh7+ Kf6 25. g5+ Kxg5 26. Qxe7+ Kf5 27. Qe4+
Kf6 28. Qd4+ Ke7 29. Qh4+ Kf7 30. Qh7+ Kf6 31. Rde1 Re8 32. Qh4+ Kf7 33. Qh7+
Kf6 34. Reg1 Bf5 35. Qh4+ Kf7 36. Qd4 a4 37. Rh7+ 1-0

[Event "Titled Tue 27th May Early"]
[Site "chess.com INT"]
[Date "2025.05.27"]
[Round "2"]
[White "Shirov, Alexei"]
[Black "Karas, Marek"]
[Result "1-0"]
[WhiteTitle "GM"]
[BlackTitle "FM"]
[WhiteElo "2620"]
[BlackElo "2200"]
[WhiteFideId "2209390"]
[BlackFideId "14928558"]
[EventDate "2025.05.27"]

1. e4 e6 2. d4 d5 3. e5 c5 4. c3 Qb6 5. Nf3 Bd7 6. Be2 Bb5 7. dxc5 Bxc5 8. b4
Bxe2 9. Qxe2 Bf8 10. a4 Ne7 11. Nd4 a6 12. Nd2 Nec6 13. N2b3 Nxd4 14. Nxd4 Bxb4
15. Bd2 Bc5 16. Qg4 g6 17. O-O Qc7 18. Rfe1 Nc6 19. Nf3 Bf8 20. c4 dxc4 21. Qxc4
Bg7 22. Bb4 Bf8 23. Bxf8 Kxf8 24. Qf4 Qe7 25. Qh6+ Kg8 26. h4 Qf8 27. Qf4 Qe7
28. h5 Nb4 29. h6 Nd5 30. Qd2 Rd8 31. Rad1 Kf8 32. Ng5 Kg8 33. Ne4 Kf8 34. Nf6
Qc7 35. Re4 Ke7 36. Qg5 Kf8 37. Red4 Qe7 38. Qd2 Qc5 39. g3 Ke7 40. Qg5 Kf8 41.
Nxh7+ Ke8 42. Nf6+ Kf8 43. h7 Kg7 44. Kg2 Qc6 45. f3 Qc7 46. Nxd5 Rxd5 47. Qf6+ 1-0

[Event "Titled Tue 27th May Early"]
[Site "chess.com INT"]
[Date "2025.05.27"]
[Round "2"]
[White "Swara Lakshmi S Nair"]
[Black "Mayorau, Mikita1"]
[Result "0-1"]
[WhiteTitle "WCM"]
[BlackTitle "GM"]
[WhiteElo "2178"]
[BlackElo "2472"]
[WhiteFideId "25629239"]
[BlackFideId "13501720"]
[EventDate "2025.05.27"]

1. e4 e6 2. d4 d5 3. Nd2 c5 4. exd5 Qxd5 5. Ngf3 cxd4 6. Bc4 Qd6 7. O-O Nc6 8.
Nb3 e5 9. Re1 Be6 10. Bxe6 Qxe6 11. Nbxd4 Nxd4 12. Nxd4 Qd6 13. Bf4 f6 14. Nb5
Qxd1 15. Raxd1 Rc8 16. c3 a6 17. Nd6+ Bxd6 18. Rxd6 Ke7 19. Rb6 Kd7 20. Rd1+ Kc7
21. Be3 Ne7 22. Rbd6 Nf5 23. Rd7+ Kb8 24. g4 Nxe3 25. fxe3 Rc7 26. Kf2 h5 27.
Rd8+ Rc8 28. Rxh8 Rxh8 29. gxh5 Rxh5 30. Kg2 Kc7 31. Kg3 Rg5+ 32. Kf3 Rf5+ 33.
Kg3 Rg5+ 34. Kf3 Kc6 35. Rd2 f5 36. b3 Rh5 37. Kg3 g5 38. c4 Rh4 39. Rd5 Re4 40.
Kf3 g4+ 41. Kf2 f4 42. exf4 exf4 43. Rg5 f3 44. h3 Re2+ 45. Kf1 gxh3 46. Rh5 h2
47. Rh3 Rxa2 48. Ke1 Ra1+ 49. Kf2 h1=Q 50. Rxh1 Rxh1 51. Kxf3 Rb1 52. Ke4 Rxb3 0-1

[Event "Titled Tue 27th May Early"]
[Site "chess.com INT"]
[Date "2025.05.27"]
[Round "2"]
[White "Chan, Kim Yew"]
[Black "Berikkyzy Alanna"]
[Result "1-0"]
[WhiteTitle "FM"]
[BlackTitle "WFM"]
[WhiteElo "2304"]
[BlackElo "2104"]
[WhiteFideId "5717981"]
[BlackFideId "13780719"]
[EventDate "2025.05.27"]

1. c4 c5 2. Nc3 Nc6 3. g3 g6 4. Bg2 Bg7 5. a3 Nf6 6. Rb1 a5 7. Nf3 d6 8. O-O h5
9. d3 Bd7 10. Bg5 Nh7 11. Bd2 Nf6 12. Qc1 Ng4 13. h3 Nge5 14. Nxe5 Nxe5 15. b3
h4 16. g4 Nxg4 17. hxg4 Bxg4 18. Bxb7 Rb8 19. Bf3 Qd7 20. Kh2 Bxf3 21. exf3 Qf5
22. Qd1 g5 23. Qe2 Be5+ 24. f4 Bxf4+ 25. Bxf4 Qxf4+ 26. Kh1 g4 27. Qe4 Qg5 28.
Nd5 g3 29. Rbe1 e6 30. Nc7+ Kd7 31. Nxe6 fxe6 32. Qxe6+ Kc7 33. Qe7+ Qxe7 34.
Rxe7+ Kd8 35. Rg7 gxf2 36. Rxf2 Rxb3 37. Ra7 Rb8 38. Rxa5 Ke8 39. Ra6 Rd8 40.
Ra7 Rf8 41. Re2# 1-0

[Event "Titled Tue 27th May Early"]
[Site "chess.com INT"]
[Date "2025.05.27"]
[Round "2"]
[White "Piesik, Piotr"]
[Black "Lyutsinger, Iren"]
[Result "1-0"]
[WhiteTitle "IM"]
[BlackTitle "FM"]
[WhiteElo "2436"]
[BlackElo "2266"]
[WhiteFideId "1136194"]
[BlackFideId "34425969"]
[EventDate "2025.05.27"]

1. Nf3 Nf6 2. g3 d5 3. Bg2 c5 4. O-O e6 5. d3 Nc6 6. Nbd2 Be7 7. e4 O-O 8. Re1
Rb8 9. e5 Ne8 10. Nf1 b5 11. h4 Nc7 12. h5 f6 13. exf6 Bxf6 14. c3 b4 15. c4
dxc4 16. dxc4 Qxd1 17. Rxd1 Ba6 18. Bf4 e5 19. Be3 Ne6 20. N3d2 Ncd4 21. Bd5 Kh8
22. Ne4 Be7 23. b3 Bb7 24. Kg2 a5 25. Bxd4 Nxd4 26. Ne3 Bc8 27. h6 Bf5 28. Nxf5
Rxf5 29. hxg7+ Kxg7 30. Rh1 Rbf8 31. Rh3 h5 32. Rah1 Kg6 33. Rd1 Bg5 34. Rf1 Be7
35. Nd2 Kg7 36. Be4 Rg5 37. Rfh1 Ne6 38. Kf1 Kh6 39. Nf3 Rxf3 40. Bxf3 Ng7 41.
Bxh5 Nxh5 42. g4 Rxg4 43. Rxh5+ Kg6 44. Rxe5 Bf6 45. Rxc5 a4 46. Rg1 Rxg1+ 47.
Kxg1 axb3 48. axb3 Bd4 49. Rb5 Bc3 50. Kg2 Kf6 51. f4 Ke6 52. Kf3 Kf6 53. Ke4
Ke6 54. Rb6+ Kf7 55. f5 Be1 56. Kd5 Kf8 57. Rb7 Ke8 58. Ke6 Kd8 59. f6 Kc8 60.
Rd7 Bh4 61. f7 Bd8 62. f8=R Kb8 63. Rfxd8# 1-0

[Event "Titled Tue 27th May Early"]
[Site "chess.com INT"]
[Date "2025.05.27"]
[Round "2"]
[White "Rozman, Levy"]
[Black "Troltenier, Dirk"]
[Result "1-0"]
[WhiteTitle "IM"]
[BlackTitle "FM"]
[WhiteElo "2324"]
[BlackElo "2174"]
[WhiteFideId "2039877"]
[BlackFideId "4606400"]
[EventDate "2025.05.27"]

1. d4 d5 2. Bg5 f6 3. Bc1 c5 4. e3 Nc6 5. c4 cxd4 6. exd4 e5 7. dxe5 d4 8. Bd3
Nxe5 9. Nf3 Bg4 10. Be4 Bb4+ 11. Nbd2 Bxf3 12. gxf3 Ne7 13. f4 N5c6 14. Rg1 g6
15. a3 Bd6 16. f5 Qc7 17. Qg4 Ne5 18. Qe2 O-O-O 19. b4 gxf5 20. Bh1 d3 21. Qe3
Nxc4 22. Qe6+ Kb8 23. Qxc4 Qd7 24. Bb2 Be5 25. Bxe5+ fxe5 26. Rg7 e4 27. Qc5
Rhe8 28. Kf1 Rc8 29. Qe5+ Ka8 30. f3 Nc6 31. Rxd7 Nxe5 32. Rd5 e3 33. f4 Ng4 34.
Nf3 Rc2 35. Rxd3 Rf2+ 36. Ke1 Nxh2 37. Nxh2 Rxh2 38. Bf3 Rf2 39. Be2 Rh2 40.
Rad1 Rh1+ 41. Bf1 e2 42. Rd8+ Rxd8 43. Rxd8# 1-0

[Event "Titled Tue 27th May Early"]
[Site "chess.com INT"]
[Date "2025.05.27"]
[Round "2"]
[White "Fikiet, Alex"]
[Black "Sadykov, Ramil"]
[Result "1-0"]
[BlackTitle "FM"]
[WhiteElo "2151"]
[BlackElo "2264"]
[WhiteFideId "2052717"]
[BlackFideId "24113590"]
[EventDate "2025.05.27"]

1. e4 c5 2. d4 cxd4 3. c3 dxc3 4. Nxc3 Nc6 5. Nf3 e6 6. Bc4 Bb4 7. O-O Nge7 8.
Qc2 d5 9. Rd1 d4 10. Nb5 O-O 11. Nbxd4 Qc7 12. Nb5 Qb8 13. a3 Bc5 14. b4 Bb6 15.
Nd6 Bc7 16. Bf4 Ng6 17. Bg3 Rd8 18. e5 Ngxe5 19. Nxe5 Rxd6 20. Rxd6 Bxd6 21.
Nxc6 bxc6 22. Rd1 e5 23. Bxe5 Bf5 24. Qxf5 Bxe5 25. Qxf7+ Kh8 26. g3 Bf6 27. h4
a5 28. h5 axb4 29. axb4 Qxb4 30. h6 Rf8 31. hxg7+ Bxg7 32. Qe6 Qc5 33. Rd2 Bd4
34. Kg2 Bxf2 35. Rd7 Bd4 36. Qh6 1-0

[Event "Titled Tue 27th May Early"]
[Site "chess.com INT"]
[Date "2025.05.27"]
[Round "2"]
[White "Suleymanli, Suleyman"]
[Black "Omariev, Maksim"]
[Result "0-1"]
[WhiteTitle "FM"]
[BlackTitle "FM"]
[WhiteElo "2322"]
[BlackElo "2304"]
[WhiteFideId "13416375"]
[BlackFideId "4193423"]
[EventDate "2025.05.27"]

1. Nf3 d5 2. g3 c6 3. Bg2 Nf6 4. O-O Bf5 5. c4 e6 6. d3 Nbd7 7. cxd5 exd5 8. Nc3
Be7 9. Nd4 Bg6 10. e4 O-O 11. f4 Bc5 12. Be3 Bh5 13. Bf3 Bxf3 14. Qxf3 dxe4 15.
dxe4 Nb6 16. Rad1 Nc4 17. Kh1 Nxe3 18. Qxe3 Ng4 19. Qe2 Bxd4 20. Qxg4 Qb6 21.
Qe2 Rad8 22. e5 Bxc3 23. bxc3 Qa5 24. Qc2 h6 25. Kg2 Rd5 26. c4 Qc5 27. Qe4 Rdd8
28. h4 Rfe8 29. h5 a5 30. Qe2 a4 31. Qc2 a3 32. Qb3 b5 33. cxb5 cxb5 34. Rfe1 b4
35. Rxd8 Rxd8 36. e6 Rd2+ 37. Kf3 Qf2+ 38. Ke4 Qxe1+ 0-1

[Event "Titled Tue 27th May Early"]
[Site "chess.com INT"]
[Date "2025.05.27"]
[Round "2"]
[White "Gabrielian, Artur"]
[Black "Mika, Tomasz"]
[Result "1-0"]
[WhiteTitle "GM"]
[BlackTitle "CM"]
[WhiteElo "2419"]
[BlackElo "2227"]
[WhiteFideId "4131002"]
[BlackFideId "1132970"]
[EventDate "2025.05.27"]

1. Nf3 Nf6 2. g3 b6 3. Bg2 Bb7 4. O-O e6 5. d3 d5 6. c4 dxc4 7. Qa4+ Nbd7 8.
Qxc4 Be7 9. b3 O-O 10. Bb2 c5 11. Nbd2 Nd5 12. Rfd1 Bf6 13. Qc1 Bxb2 14. Qxb2
Qf6 15. d4 Rac8 16. e4 Nb4 17. a3 Nc6 18. e5 Qe7 19. dxc5 Nxc5 20. Nc4 Ba8 21.
Nd6 Rcd8 22. Rd2 Rd7 23. Rad1 Rfd8 24. Qc2 a5 25. Qc3 Nxe5 26. Qxe5 f6 27. Nf5
Qe8 28. Nh6+ gxh6 29. Qxf6 Rxd2 30. Rxd2 Rxd2 31. Nxd2 Bxg2 32. Kxg2 Qc6+ 33.
Nf3 Ne4 34. Qd8+ Kg7 35. Qe7+ Kg8 36. Ne5 Qa8 37. Qxe6+ Kg7 38. f3 Ng5 39. Qe7+
Kg8 40. h4 Ne4 41. Qf7+ Kh8 42. fxe4 Qxe4+ 43. Nf3 1-0

[Event "Titled Tue 27th May Early"]
[Site "chess.com INT"]
[Date "2025.05.27"]
[Round "2"]
[White "Baskakov, Egor"]
[Black "Devagharan, Devina"]
[Result "1-0"]
[WhiteTitle "CM"]
[BlackTitle "WFM"]
[WhiteElo "2215"]
[BlackElo "1860"]
[WhiteFideId "24197866"]
[BlackFideId "2061600"]
[EventDate "2025.05.27"]

1. e4 c6 2. g3 d5 3. Bg2 g6 4. Nc3 dxe4 5. Nxe4 Bg7 6. Ne2 Nf6 7. Nxf6+ exf6 8.
O-O O-O 9. d4 f5 10. c3 Nd7 11. Nf4 Nf6 12. Re1 Bd7 13. Nd3 Re8 14. Rxe8+ Qxe8
15. Nc5 b6 16. Nxd7 Qxd7 17. Bf4 Re8 18. Qa4 Ne4 19. Re1 Re6 20. Qd1 Nf6 21. h4
h6 22. b3 Rxe1+ 23. Qxe1 Nd5 24. Bd2 Nc7 25. Qe2 Kf8 26. Qc4 Nd5 27. a4 a5 28.
Qa6 Qc7 29. c4 Nb4 30. Qa8+ Ke7 31. Bf4 Qd7 32. d5 cxd5 33. cxd5 f6 34. d6+ Kf7
35. Bd5+ Nxd5 36. Qxd5+ Kf8 37. h5 g5 38. Be3 f4 39. Bxb6 fxg3 40. fxg3 f5 41.
Bd4 f4 42. Bxg7+ Kxg7 43. Qe5+ Kg8 44. Qe7 Qh3 45. Qe8+ Kg7 46. Qg6+ Kf8 47.
Qxh6+ Ke8 48. Qg6+ Kd7 49. Qf7+ Kc6 50. Qc7+ Kd5 51. gxf4 Qg3+ 52. Kf1 Qf3+ 53.
Ke1 Qe3+ 54. Kd1 Qd3+ 55. Kc1 Qe3+ 56. Kb2 Qd2+ 57. Qc2 Qd4+ 58. Qc3 Qf2+ 59.
Ka3 Kxd6 60. fxg5 Qf1 61. Qf6+ Qxf6 62. gxf6 Ke6 63. b4 1-0

[Event "Titled Tue 27th May Early"]
[Site "chess.com INT"]
[Date "2025.05.27"]
[Round "2"]
[White "Shuvalova, Polina"]
[Black "Gyurjinyan, Valter"]
[Result "1-0"]
[WhiteTitle "IM"]
[BlackTitle "CM"]
[WhiteElo "2494"]
[BlackElo "2208"]
[WhiteFideId "24171760"]
[BlackFideId "13318179"]
[EventDate "2025.05.27"]

1. e4 c5 2. Nf3 d6 3. Bb5+ Nd7 4. O-O Nf6 5. Re1 e6 6. c3 a6 7. Bf1 Be7 8. d4
O-O 9. a4 b6 10. Bd3 Bb7 11. Bf4 Rc8 12. Nbd2 h6 13. h3 Re8 14. Qe2 Nb8 15. Bg3
Bf8 16. Rad1 g6 17. e5 Nh5 18. Bh2 d5 19. g4 Ng7 20. Bf4 h5 21. Bg5 Be7 22. Qe3
Nc6 23. Qf4 cxd4 24. cxd4 Nb4 25. Bb1 Nc2 26. Bf6 Nxe1 27. Rxe1 Bxf6 28. exf6
Nf5 29. gxf5 Qxf6 30. Ne5 exf5 31. Ndf3 Kg7 32. h4 Re7 33. Bd3 Bc6 34. Rc1 Bd7
35. Rxc8 Bxc8 36. Ng5 Qd6 37. Ngf3 Qc7 38. Qg5 Re6 39. Bxf5 Rf6 40. Bxc8 Qxc8
41. Kg2 Rf5 42. Qe7 Rf4 43. Nd7 Rg4+ 44. Kh2 Qc7+ 45. Nfe5 Rf4 46. Kg3 Rf5 47.
Kg2 Qc1 48. Qf8+ Kh7 49. Nxf7 Rxf7 50. Qxf7+ Kh6 51. Qf8+ 1-0

[Event "Titled Tue 27th May Early"]
[Site "chess.com INT"]
[Date "2025.05.27"]
[Round "2"]
[White "Zong, Davis"]
[Black "Coe, William"]
[Result "1-0"]
[WhiteTitle "FM"]
[WhiteElo "2242"]
[BlackElo "2078"]
[WhiteFideId "30903955"]
[BlackFideId "30913624"]
[EventDate "2025.05.27"]

1. d4 d5 2. c4 e6 3. Nf3 Nf6 4. g3 Be7 5. Bg2 O-O 6. O-O c6 7. Qc2 b6 8. Nbd2
Nbd7 9. b3 Bb7 10. Bb2 Rc8 11. e4 dxe4 12. Nxe4 Nxe4 13. Qxe4 Nf6 14. Qc2 c5 15.
dxc5 Bxc5 16. Rad1 Qe7 17. Ne5 Bxg2 18. Kxg2 Rfd8 19. Qe2 Qb7+ 20. Qf3 Qxf3+ 21.
Kxf3 Kf8 22. a3 Ke8 23. Ke2 a5 24. Nd3 Be7 25. Ne5 Bc5 26. Rd3 Rxd3 27. Nxd3 Be7
28. Rc1 g5 29. b4 Ne4 30. Bd4 axb4 31. axb4 Nd6 32. Bxb6 Rxc4 33. Rxc4 Nxc4 34.
Bc5 Na3 35. Ke3 Nb5 36. Ke4 Kd7 37. Ne5+ Ke8 38. Kd3 f5 39. Bxe7 Kxe7 40. Kc4
Nd6+ 41. Kd4 Ne4 42. f3 Nd6 43. Kc5 g4 44. fxg4 fxg4 45. Nxg4 Ne4+ 46. Kc6 h5
47. Ne3 Nd2 48. b5 Nc4 49. Nxc4 1-0

[Event "Titled Tue 27th May Early"]
[Site "chess.com INT"]
[Date "2025.05.27"]
[Round "2"]
[White "Bodemar, Jonathan"]
[Black "Amangeldy, Ernur"]
[Result "0-1"]
[WhiteTitle "CM"]
[BlackTitle "FM"]
[WhiteElo "2150"]
[BlackElo "2231"]
[WhiteFideId "6205488"]
[BlackFideId "13720244"]
[EventDate "2025.05.27"]

1. e4 Nf6 2. e5 Nd5 3. d4 d6 4. Nf3 dxe5 5. Nxe5 c6 6. Be2 Bf5 7. O-O Nd7 8. Nf3
e6 9. c4 N5f6 10. Nc3 Bd6 11. Re1 O-O 12. Qb3 Rb8 13. Bg5 Qc7 14. Rac1 Bf4 15.
Bxf4 Qxf4 16. Rcd1 Qc7 17. d5 exd5 18. cxd5 cxd5 19. Nxd5 Nxd5 20. Qxd5 Be6 21.
Qh5 Nf6 22. Qh4 Bxa2 23. Ra1 Bd5 24. Rxa7 Qc2 25. Qd4 Rfe8 26. Qd2 Qc5 27. Ra5
Qc6 28. Nd4 Qc7 29. Rc1 Qe7 30. Bb5 Red8 31. Qf4 Be4 32. Nf5 Bxf5 33. Qxf5 Qb4
34. Bf1 Qxb2 35. Rb1 Qd2 36. Rab5 Rd7 37. Rxb7 Rdxb7 38. Rxb7 Re8 39. h3 h6 40.
Kh2 Qc1 41. Qb5 Re1 42. Rb8+ Kh7 43. Bd3+ g6 44. Qe5 Rxe5 0-1

[Event "Titled Tue 27th May Early"]
[Site "chess.com INT"]
[Date "2025.05.27"]
[Round "2"]
[White "Toroptseva, Yevheniia"]
[Black "Tomb, Maroun"]
[Result "0-1"]
[WhiteTitle "WFM"]
[BlackTitle "CM"]
[WhiteElo "2064"]
[BlackElo "2090"]
[WhiteFideId "34109374"]
[BlackFideId "5300398"]
[EventDate "2025.05.27"]

1. g3 d5 2. Bg2 Nf6 3. d4 Nc6 4. c3 h5 5. Nf3 h4 6. Nxh4 Rxh4 7. gxh4 Bf5 8. Bg5
e6 9. Nd2 Be7 10. Bxf6 Bxf6 11. e4 dxe4 12. Nxe4 Bxh4 13. Qh5 Be7 14. O-O-O Bg6
15. Qh8+ Bf8 16. Nc5 Qg5+ 17. Rd2 Qxg2 18. Re1 O-O-O 19. Qh4 Be7 20. Qg3 Qd5 21.
Nxe6 fxe6 22. Qxg6 Bg5 23. Qxe6+ Qxe6 24. Rxe6 Rh8 25. Rg6 Bxd2+ 26. Kxd2 Rxh2
27. Ke2 Rh7 28. Ke3 Kd7 29. Ke4 Ke8 30. d5 Kf7 31. Rg2 Rh4+ 32. f4 Ne7 33. c4 g6
34. Ke5 b6 35. Re2 Nf5 36. b4 Rh3 37. c5 bxc5 38. bxc5 Rc3 39. c6 Rc4 40. Re1
Nd6 41. Re2 a5 42. Re1 a4 43. Re2 a3 44. Re3 Rb4 45. Re2 Ke7 46. Re3 Nc4+ 47.
Kd4+ Nxe3+ 48. Kxe3 Rb2 49. f5 gxf5 50. Kf4 Kd6 51. Kxf5 Rxa2 52. Kg6 Rd2 53.
Kf7 Rxd5 54. Ke8 Kxc6 55. Ke7 Rd6 56. Ke8 Rd7 57. Kf8 a2 58. Ke8 a1=Q 59. Kf8
Qa8# 0-1